000 00826nam a2200217 a 4500
001 000046741
005 20201002053104.0
008 180321s2017 dr a 000 0 spa d
020 _a9789945090437
040 _aDO-SdBNP
_bspa
_cBNPHU
082 _axxxx
_bV436c
100 1 _aVélez Then, Cristina
_974674
245 1 0 _a100 cosas que debes saber :
_ba ver ¿Qué sabes? /
_cCristina Vélez Then ; prólogo Carmen Abad Hernández, ma, Leiny Gómez Pérez.
246 1 0 _aCien cosas que debes saber a ver ¿Qué sabes?
260 _aSanto Domingo :
_b3c Print,
_c2017.
300 _a74 p. :
_bil. ;
_c15 cm.
500 _aIncluye datos biográficos de la autora en la contracubierta.
590 _aInventariado, 2020 /LP
700 1 _aAbad Hernández, Carmen,
_epról.
_974675
700 1 _aGómez Pérez, Leiny,
_epról.
_974676
999 _c46230
_d46230